| 000 | 00936nam a2200301 c 4500 | ||
|---|---|---|---|
| 999 |
_c329503 _d329503 |
||
| 003 | BLK | ||
| 005 | 20250624163837.0 | ||
| 008 | 180408b bul|||||r ||||||| ||bul|| | ||
| 010 | _aKNG00067502000 | ||
| 020 | _a978-619-186-481-2 | ||
| 040 | _aBLK | ||
| 041 |
_aBUL _cBUL |
||
| 080 |
_aБългарска литература _b821.163.2 _x-32 _z821.163.2-32 |
||
| 100 |
_aЕвтимова, Здравка Василева _d1959- _9364705 |
||
| 139 |
_aЕвтимова, Здравка Василева _bЕ 22 |
||
| 245 | 1 | 0 |
_aКръв от къртица _bРазкази _cЗдравка Василева Евтимова. |
| 250 | _a2. изд. | ||
| 257 | _aBGR | ||
| 260 |
_bЖанет 45 _c2019 |
||
| 300 |
_a264 с. _c20 см |
||
| 380 | _aX | ||
| 852 |
_bП _cП 886.7/Е 22 |
||
| 856 | 4 | _qpdf | |
| 856 | 4 | _qpdf | |
| 942 |
_cKNG _n0 _088 _s1 |
||
| 999 | _d329503 | ||
| 944 |
_k30535 _lХристина Везирева |
||